000
00266nam a2200109Ia 4500
008
220204s9999 xx 000 0 und d
082
_a
658.3
_b
BUR
100
_a
Raymond J
245
0
_a
Managing with people
260
_a
California
_b
Addison Wesley
_c
1968
942
_c
BK
999
_c
26756
_d
26756